Find the Countries of Central America Quiz Stats

 Plays Quiz Updated Feb 4, 2016

Score 0/7 Timer 01:00
10 Plays Today
% Correct
Panama
89.7%
Belize
85.2%
El Salvador
83.5%
Costa Rica
81.4%
Guatemala
79.4%
Honduras
79.4%
Nicaragua
78.8%

You're not logged in!

Compare scores with friends on all Sporcle quizzes.
OR
Log In

Show Comments

Extras

Top Quizzes Today


Score Distribution

Your Account Isn't Verified!

In order to create a playlist on Sporcle, you need to verify the email address you used during registration. Go to your Sporcle Settings to finish the process.

Report this User

Report this user for behavior that violates our Community Guidelines.

Details: